000
00256nam a2200109Ia 4500
008
220120s9999||||xx |||||||||||||| ||und||
020
_a
9788176211970
100
_a
Rontny
245
0
_a
Last minuite study tips
260
_b
New Delhi
300
_a
231p.
_b
250
999
_c
136487
_d
136487